000 00872nam a22001817a 4500
999 _c60377
_d60377
003 Ge_BSU
005 20230706172217.0
008 230706s2001ge xxu||||| |||| 00| 0 geo d
041 _ageo
080 _a78(479.22) ბ-37
100 _aბახტაძე, ინგა.
_919186
245 _aქართული მუსიკალურ-ესთეტიკური კულტურის განვითარების ძირითადი ისტორიული პრობლემები /
_bინგა ბახტაძე.
264 _aთბილისი :
_bქრონოგრაფი,
_c2001.
300 _a412 გვ. ;
_b20 სმ.
520 _aრეზ. რუს. ენ.
653 _aქართული მუსიკა. ქართული მუსიკის ესთეტიკა.
942 _2udc
_cBK